<?xml version="1.0" encoding="UTF-8"?>
<record
    xmlns:xsi="http://www.w3.org/2001/XMLSchema-instance"
    xsi:schemaLocation="http://www.loc.gov/MARC21/slim http://www.loc.gov/standards/marcxml/schema/MARC21slim.xsd"
    xmlns="http://www.loc.gov/MARC21/slim">

  <leader>01861nam a22002177a 4500</leader>
  <controlfield tag="001">6823</controlfield>
  <controlfield tag="003">FISKH</controlfield>
  <controlfield tag="005">20250529144916.0</controlfield>
  <controlfield tag="008">250529b        cb ||||| |||| 00| 0 eng d</controlfield>
  <datafield tag="020" ind1=" " ind2=" ">
    <subfield code="a">9789995099480</subfield>
  </datafield>
  <datafield tag="040" ind1=" " ind2=" ">
    <subfield code="a">FISKH</subfield>
    <subfield code="b">khr</subfield>
    <subfield code="c">FISKH</subfield>
    <subfield code="d">FISKH</subfield>
  </datafield>
  <datafield tag="082" ind1=" " ind2=" ">
    <subfield code="a">790</subfield>
  </datafield>
  <datafield tag="100" ind1=" " ind2=" ">
    <subfield code="a">Virak, Thorng</subfield>
  </datafield>
  <datafield tag="245" ind1=" " ind2=" ">
    <subfield code="a">&#x179F;&#x1793;&#x17D2;&#x1791;&#x1793;&#x17B6;&#x200B;&#x1780;&#x17B6;&#x179A;&#x1792;&#x17D2;&#x179C;&#x17BE;&#x178A;&#x17C6;&#x178E;&#x17BE;&#x179A;&#x1793;&#x17B7;&#x1784;&#x17A2;&#x17D2;&#x1793;&#x1780;&#x1791;&#x17C1;&#x179F;&#x1785;&#x179A;&#x200B; /</subfield>
    <subfield code="c">&#x179A;&#x17C0;&#x1794;&#x179A;&#x17C0;&#x1784;&#x178A;&#x17C4;&#x1799;&#x179B;&#x17C4;&#x1780;&#x200B; &#x1790;&#x1784; &#x179C;&#x17B7;&#x179A;: &#x1793;&#x17B7;&#x1784;&#x179B;&#x17C4;&#x1780; &#x179F;&#x17CA;&#x17BC; &#x1797;&#x17B8;&#x179A;:</subfield>
  </datafield>
  <datafield tag="260" ind1=" " ind2=" ">
    <subfield code="a">&#x1797;&#x17D2;&#x1793;&#x17C6;&#x1796;&#x17C1;&#x1789; :</subfield>
    <subfield code="b">&#x1794;&#x178E;&#x17D2;&#x178E;&#x17B6;&#x1782;&#x17B6;&#x179A; &#x1793;&#x1782;&#x179A;&#x1792;&#x17C6; , </subfield>
    <subfield code="c">2014.</subfield>
  </datafield>
  <datafield tag="300" ind1=" " ind2=" ">
    <subfield code="a">289 pages : </subfield>
    <subfield code="b">illustrations ; </subfield>
    <subfield code="c">16 cm . </subfield>
  </datafield>
  <datafield tag="520" ind1=" " ind2=" ">
    <subfield code="a">&#x179F;&#x17C0;&#x179C;&#x1797;&#x17C5;&#x1793;&#x17C1;&#x17C7;&#x178F;&#x17D2;&#x179A;&#x17BC;&#x179C;&#x1794;&#x17B6;&#x1793;&#x179A;&#x17C0;&#x1794;&#x1785;&#x17C6;&#x178F;&#x17B6;&#x1780;&#x17CB;&#x178F;&#x17C2;&#x1784;&#x17A1;&#x17BE;&#x1784; &#x1780;&#x17D2;&#x1793;&#x17BB;&#x1784;&#x1782;&#x17C4;&#x179B;&#x1794;&#x17C6;&#x1793;&#x1784;&#x1794;&#x17C6;&#x1796;&#x17C1;&#x1789;&#x178A;&#x179B;&#x17CB;&#x179F;&#x17C1;&#x1785;&#x1780;&#x17D2;&#x178F;&#x17B8;&#x178F;&#x17D2;&#x179A;&#x17BC;&#x179C;&#x1780;&#x17B6;&#x179A;&#x179A;&#x1794;&#x179F;&#x17CB;&#x179B;&#x17C4;&#x1780;&#x17A2;&#x17D2;&#x1793;&#x1780; &#x178A;&#x17C2;&#x179B;&#x1798;&#x17B6;&#x1793;&#x1794;&#x1789;&#x17D2;&#x17A0;&#x17B6;&#x1780;&#x17D2;&#x1793;&#x17BB;&#x1784;&#x1780;&#x17B6;&#x179A;&#x1794;&#x17D2;&#x179A;&#x17BE;&#x1794;&#x17D2;&#x179A;&#x17B6;&#x179F;&#x17CB;&#x1797;&#x17B6;&#x179F;&#x17B6;&#x17A2;&#x1784;&#x17CB;&#x1782;&#x17D2;&#x179B;&#x17C1;&#x179F; &#x178A;&#x17BE;&#x1798;&#x17D2;&#x1794;&#x17B8;&#x1792;&#x17D2;&#x179C;&#x17BE;&#x1780;&#x17B6;&#x179A;&#x1791;&#x17C6;&#x1793;&#x17B6;&#x1780;&#x17CB;&#x1791;&#x17C6;&#x1793;&#x1784; &#x1780;&#x17D2;&#x1793;&#x17BB;&#x1784;&#x179F;&#x1780;&#x1798;&#x17D2;&#x1798;&#x1797;&#x17B6;&#x1796;&#x179A;&#x179F;&#x17CB;&#x1793;&#x17C5;&#x1794;&#x17D2;&#x179A;&#x1785;&#x17B6;&#x17C6;&#x1790;&#x17D2;&#x1784;&#x17C3;&#x200B;&#x200B; &#x1780;&#x17D2;&#x1793;&#x17BB;&#x1784;&#x1780;&#x17B6;&#x179A;&#x1792;&#x17D2;&#x179C;&#x17BE;&#x1787;&#x17C6;&#x1793;&#x17BD;&#x1789;&#x1793;&#x17B7;&#x1784;&#x1794;&#x17D2;&#x179A;&#x1780;&#x1794;&#x17A2;&#x17B6;&#x1787;&#x17B8;&#x179C;&#x1780;&#x1798;&#x17D2;&#x1798;&#x1795;&#x17D2;&#x179F;&#x17C1;&#x1784;&#x17D7; &#x1780;&#x17CF;&#x178A;&#x17BC;&#x1785;&#x1787;&#x17B6;&#x1780;&#x17B6;&#x179A;&#x1792;&#x17D2;&#x179C;&#x17BE;&#x178A;&#x17C6;&#x178E;&#x17BE;&#x179A;&#x1791;&#x17C5;&#x1780;&#x17B6;&#x1793;&#x17CB;&#x1780;&#x1793;&#x17D2;&#x179B;&#x17C2;&#x1784;&#x1780;&#x17C6;&#x179F;&#x17B6;&#x1793;&#x17D2;&#x178F;&#x1793;&#x17B6;&#x1793;&#x17B6;&#x17AF;&#x1794;&#x179A;&#x1791;&#x17C1;&#x179F;&#x1787;&#x17B6;&#x178A;&#x17BE;&#x1798; &#x17D4;&#x200B;</subfield>
  </datafield>
  <datafield tag="520" ind1=" " ind2=" ">
    <subfield code="a">"This book has been written and compiled with the intention of fulfilling the needs of readers who face difficulties in using the English language to communicate in daily life activities, in conducting business and other professional transactions, as well as when traveling to various tourist destinations abroad."

</subfield>
  </datafield>
  <datafield tag="942" ind1=" " ind2=" ">
    <subfield code="2">ddc</subfield>
    <subfield code="c">BK</subfield>
    <subfield code="n">0</subfield>
  </datafield>
  <datafield tag="999" ind1=" " ind2=" ">
    <subfield code="c">6823</subfield>
    <subfield code="d">6823</subfield>
  </datafield>
  <datafield tag="952" ind1=" " ind2=" ">
    <subfield code="0">0</subfield>
    <subfield code="1">0</subfield>
    <subfield code="2">ddc</subfield>
    <subfield code="4">0</subfield>
    <subfield code="7">0</subfield>
    <subfield code="8">Khmer-English Bilingual </subfield>
    <subfield code="a">002</subfield>
    <subfield code="b">002</subfield>
    <subfield code="c">LSHTTP</subfield>
    <subfield code="d">2025-05-29</subfield>
    <subfield code="l">0</subfield>
    <subfield code="o">VIR 790</subfield>
    <subfield code="p">2025-1441</subfield>
    <subfield code="r">2025-05-29 14:49:13</subfield>
    <subfield code="w">2025-05-29</subfield>
    <subfield code="y">BK</subfield>
  </datafield>
</record>
